| 000 | nam a22 4500 | ||
|---|---|---|---|
| 999 |
_c1617 _d1617 |
||
| 005 | 20170511103235.0 | ||
| 008 | 170511b1989 mau||||| |||| 00| 0 eng d | ||
| 020 | _a0256075042 | ||
| 040 | _aAKMAL | ||
| 082 |
_219 _a330 HYM |
||
| 090 |
_a330 _bHYM |
||
| 100 |
_aHyman, David N. _93285 |
||
| 245 | 1 | 0 |
_aEconomics / _cDavid N. Hyman. |
| 260 |
_aBoston, MA _bIrwin _c1989. |
||
| 300 |
_axxxi, 9, 12, 946, [33] p. _bill. (some col.) _c26cm |
||
| 504 | _aIncludes bibliographies and index. | ||
| 650 |
_aEconomics. _93229 |
||
| 942 |
_2ddc _cBOOK |
||